000 00785nam a2200241Ia 4500
003 OSt
005 20220923225632.0
006 a|||||r|||| 00| 0
007 ta
008 220922b |||||||| |||| 00| 0 pan d
024 _a272,949
037 _cTextual
040 _aARTS
_cARTS
_bpan
041 _2pan
_apan
082 _aO153vN5, H0;N6
100 _aਕਸੇਲ, ਕਿਰਪਾਲ ਸਿੰਘ
245 0 _aਪੰਜਾਬੀ ਸਾਹਿਤ ਦੀ ਉਤਪਤੀ ਤੇ ਵਿਕਾਸ
250 _a4
260 _aਲੁਧਿਆਣਾ
_b ਲਾਹੌਰ ਬੁੱਕ Fਾਪ
_c1976
650 _aਪੰਜਾਬੀ ਸਾਹਿਤ
942 _hO153vN5, H0;N6
_cTEXL
_2CC
999 _c379590
_d379590